000 00716cab a2200229 4500
001 WB3342-26
008 090401t1997 xxu||||| |||| 00| 0 eng d
035 _a(Sirsi) u81698
041 _aeng
245 _aAccess facilities compensated
260 _c1997
350 _a0
490 _aFarmers' Weekly
_v127(17) 24 October 1997, 8(1)
520 _aUnder the government`s right to roam policies, farmers will be paid compensation if they provide facilities for walkers, according to the DOETR.
650 _aACCESS TO THE COUNTRYSIDE
650 _aCOMPENSATION
650 _aLANDOWNERS
650 _aRIGHT TO ROAM
690 _aHIGHWAYS RIGHTS OF WAY AND EASEMENTS
942 _n0
948 _c28/10/1997
999 _c51502
_d51502